[Event "North American U20 Girls 2019"]
[Site "Charlotte"]
[Date "2019.06.29"]
[Round "6.3"]
[White "Zeng, Sheena"]
[Black "Jie, Tianhui"]
[Result "1/2-1/2"]
[WhiteElo "1964"]
[BlackElo "1920"]
[Annotator "NA RC"]
[PlyCount "92"]
[EventDate "2019.06.27"]
[EventType "swiss"]
[EventCountry "USA"]
[SourceTitle "playchess.com"]
[Source "ChessBase"]
[SourceQuality "1"]
[TimeControl "5400+30"]

1. d4 {[%emt 1:30:30]} Nf6 {[%emt 1:30:30]} 2. c4 {[%emt 0:00:30]} e6 {[%emt 0:00:30]} 3. Nf3 {[%emt 0:00:30]} Bb4+ {[%emt 0:00:30]} 4. Bd2 {[%emt 0:00:30]} Qe7 {[%emt 0:00:30]} 5. g3 {[%emt 0:00:30]} O-O {[%emt 0:00:30]} 6. Bg2 {[%emt 0:00:30]} Bxd2+ {[%emt 0:00:30]} 7. Nbxd2 {[%emt 0:00:30]} d6 {[%emt 0:00:30]} 8. O-O {[%emt 0:00:30]} e5 {[%emt 0:00:30]} 9. dxe5 {[%emt 0:00:30] E11: Bogo-Indian} (9. Qb3 Re8 10. e4 Nbd7 11. Rfe1 c5 12. d5 Nf8 13. Nh4 Ng6 14. Nf5 Qc7 15. h3 Bd7 16. Nb1 Ne7 {0-1 (56) Jumabayev,R (2561)-Matlakov,M (2700) Khanty-Mansiysk 2013}) 9... dxe5 {[%emt 0:00:30]} 10. Qb3 {[%emt 0:00:30]} Nbd7 {[%emt 0:00:30]} 11. Qc3 $146 {[%emt 0:00:30]} ({Predecessor:} 11. Ng5 a5 12. Rfd1 a4 13. Qc3 {1-0 (36) Mozny,M-Eretova,K Brno 1974}) 11... Re8 {[%emt 0:00:30]} 12. e3 {[%emt 0:00:30]} Nc5 {[%emt 0:00:30]} 13. b4 {[%emt 0:00:30]} Nce4 {[%emt 0:00:30]} 14. Nxe4 {[%emt 0:00:30]} Nxe4 {[%emt 0:00:30]} 15. Qc2 {[%emt 0:00:30]} Nf6 {[%emt 0:00:30]} 16. c5 {[%emt 0:00:30]} Bg4 {[%emt 0:00:30]} 17. h3 {[%emt 0:00:30]} Bxf3 {[%emt 0:00:30]} 18. Bxf3 {[%emt 0:00:30]} e4 {[%emt 0:00:30]} 19. Be2 {[%emt 0:00:30]} a5 {[%emt 0:00:30]} 20. a3 {[%emt 0:00:30]} Qe5 {[%emt 0:00:30]} 21. Rad1 {[%emt 0:00:30]} axb4 {[%emt 0:00:30]} 22. axb4 {[%emt 0:00:30]} Nd5 {[%emt 0:00:30]} 23. Bc4 {[%emt 0:00:30]} c6 {[%emt 0:00:30]} (23... Nf6 $1 $11) 24. Qb3 {[%emt 0:00:30]} Red8 {[%emt 0:00:30]} 25. Rd4 {[%emt 0:00:30]} h5 {[%emt 0:00:30]} (25... Rd7 $16 {is a better defense.}) 26. Rfd1 {[%emt 0:00:30]} h4 {[%emt 0:00:30]} 27. Bxd5 {[%emt 0:00:30]} cxd5 {[%emt 0:00:30]} 28. Rxd5 {[%emt 0:00:30]} ({Resist} 28. gxh4 $6 Qh5 $16) 28... Rxd5 {[%emt 0:00:30]} 29. Qxd5 {[%emt 0:00:30]} Qxd5 {[%emt 0:00:30]} 30. Rxd5 {[%emt 0:00:30]} hxg3 {[%emt 0:00:30]} 31. fxg3 {[%emt 0:00:30]} Ra1+ {[%emt 0:00:30]} 32. Kf2 {[%emt 0:00:30]} Rb1 {[%emt 0:00:30]} 33. Rd4 {[%emt 0:00:30]} Rb2+ {[%emt 0:00:30]} 34. Ke1 {[%emt 0:00:30]} Rh2 $2 {[%emt 0:00:30]} (34... Kf8 35. Rxe4 Rg2) 35. Rxe4 {[%emt 0:00:30]} Rxh3 $2 {[%emt 0:00:30]} (35... Kf8 36. Rh4 Ke7) 36. Kf2 {[%emt 0:00:30]} Rh2+ {[%emt 0:00:30]} 37. Kf3 {[%emt 0:00:30]} Rb2 {[%emt 0:00:30]} 38. Rd4 {[%emt 0:00:30]} Kf8 {[%emt 0:00:30]} 39. Ke4 {[%emt 0:00:30]} Rb3 {[%emt 0:00:30]} 40. g4 {[%emt 0:00:30]} Ke7 {[%emt 0:00:30]} 41. Kd5 {[%emt 0:00:30]} Rxe3 {[%emt 0:00:30]} 42. Re4+ {[%emt 0:00:30]} Rxe4 {[%emt 0:00:30]} 43. Kxe4 {[%emt 0:00:30]} Kd7 {[%emt 0:00:30]} 44. b5 {[%emt 0:00:30]} Ke6 {[%emt 0:00:30]} 45. g5 $11 {[%emt 0:00:30]} f5+ {[%emt 0:00:30]} 46. gxf6 {[%emt 0:00:30]} gxf6 {[%emt 0:00:30]} 1/2-1/2

[Event "North American U20 Girls 2019"]
[Site "Charlotte"]
[Date "2019.06.29"]
[Round "6.4"]
[White "Avirneni, Saithanusri"]
[Black "Chin, Angelica"]
[Result "0-1"]
[WhiteElo "1641"]
[BlackElo "1937"]
[Annotator "NA RC"]
[PlyCount "64"]
[EventDate "2019.06.27"]
[EventType "swiss"]
[EventCountry "USA"]
[SourceTitle "playchess.com"]
[Source "ChessBase"]
[SourceQuality "1"]
[TimeControl "5400+30"]

1. f4 {[%emt 1:30:30]} d5 {[%emt 1:30:30]} 2. Nf3 {[%emt 0:00:30]} Nf6 {[%emt 0:00:30]} 3. b3 {[%emt 0:00:30]} c5 {[%emt 0:00:30]} 4. Bb2 {[%emt 0:00:30]} e6 {[%emt 0:00:30]} 5. e3 {[%emt 0:00:30]} Nc6 {[%emt 0:00:30]} 6. d3 {[%emt 0:00:30]} Be7 {[%emt 0:00:30]} 7. Ne5 {[%emt 0:00:30]} Qc7 {[%emt 0:00:30]} 8. Be2 {[%emt 0:00:30]} O-O {[%emt 0:00:30]} 9. O-O {[%emt 0:00:30]} b5 {[%emt 0:00:30] A03: Bird's Opening with 1...d5} 10. a4 {[%emt 0:00:30]} b4 {[%emt 0:00:30]} 11. Qe1 {[%emt 0:00:30]} a5 $146 {[%emt 0:00:30]} ({Predecessor:} 11... Ba6 12. Nd2 Nxe5 13. Bxe5 Qb6 14. Rf3 Nd7 15. Bb2 f5 16. Rg3 Bf6 17. Bxf6 Nxf6 {1-0 (38) Trapp,M (2104)-Schulz,M (2209) Bayern 2011}) 12. Nd2 {[%emt 0:00:30]} Ba6 {[%emt 0:00:30]} 13. Rf3 {[%emt 0:00:30]} Nd7 {[%emt 0:00:30]} 14. Nxd7 {[%emt 0:00:30]} Qxd7 {[%emt 0:00:30]} 15. Rh3 {[%emt 0:00:30]} Qd8 {[%emt 0:00:30]} 16. e4 {[%emt 0:00:30]} Rc8 {[%emt 0:00:30]} 17. Qg3 {[%emt 0:00:30]} Nd4 {[%emt 0:00:30]} 18. Bd1 {[%emt 0:00:30]} Bf6 {[%emt 0:00:30]} 19. e5 {[%emt 0:00:30]} Be7 {[%emt 0:00:30]} 20. Bxd4 {[%emt 0:00:30]} cxd4 {[%emt 0:00:30]} 21. Nf3 {[%emt 0:00:30]} Qc7 {[%emt 0:00:30]} 22. Qg4 {[%emt 0:00:30]} Bd8 {[%emt 0:00:30]} 23. c4 {[%emt 0:00:30]} dxc3 {[%emt 0:00:30]} 24. Bc2 {[%emt 0:00:30]} f5 {[%emt 0:00:30]} 25. exf6 {[%emt 0:00:30]} Rxf6 {[%emt 0:00:30]} 26. Ng5 {[%emt 0:00:30]} Qxf4 {[%emt 0:00:30]} 27. Qxf4 {[%emt 0:00:30]} Rxf4 {[%emt 0:00:30]} 28. Nxe6 {[%emt 0:00:30]} Rf6 {[%emt 0:00:30]} 29. Ng5 $2 {[%emt 0:00:30]} (29. Nxd8 Rxd8 30. Re3) 29... Bb6+ {[%emt 0:00:30]} 30. Kh1 {[%emt 0:00:30]} Rf2 {[%emt 0:00:30]} 31. Rc1 {[%emt 0:00:30]} Re8 {[%emt 0:00:30]} 32. Nf3 $19 {[%emt 0:00:30]} Ree2 {[%emt 0:00:30]} 0-1

[Event "North American U20 Girls 2019"]
[Site "Charlotte"]
[Date "2019.06.29"]
[Round "6.5"]
[White "Vittal, Sanjana"]
[Black "Qiao, Cindy"]
[Result "1/2-1/2"]
[WhiteElo "1920"]
[BlackElo "1777"]
[Annotator "NA RC"]
[PlyCount "80"]
[EventDate "2019.06.27"]
[EventType "swiss"]
[EventCountry "USA"]
[SourceTitle "playchess.com"]
[Source "ChessBase"]
[SourceQuality "1"]
[TimeControl "5400+30"]

1. e4 {[%emt 1:30:30]} c5 {[%emt 1:30:30]} 2. Nc3 {[%emt 0:00:30]} Nc6 {[%emt 0:00:30]} 3. Bb5 {[%emt 0:00:30]} Nd4 {[%emt 0:00:30]} 4. Nf3 {[%emt 0:00:30]} e6 {[%emt 0:00:30]} 5. Ba4 {[%emt 0:00:30]} (5. O-O a6 6. Bd3 Nc6 7. a3 b5 8. Re1 Bb7 9. Bf1 Nf6 10. d4 cxd4 11. Nxd4 Nxd4 12. Qxd4 Qc7 13. e5 Nd5 14. Nxd5 Bxd5 {½-½ (65) Guseinov,G (2664)-Saric,I (2690) chess.com INT 2019}) 5... Qa5 {[%emt 0:00:30]} 6. Bb3 {[%emt 0:00:30] B30: Sicilian: 2...Nc6 3 Bb5, lines without ...g6} b5 $146 {[%emt 0:00:30]} ({Predecessor:} 6... Nxb3 7. cxb3 b5 8. O-O Bb7 9. d4 b4 10. Na4 Bxe4 11. Re1 Bc6 12. d5 Bxa4 {½-½ (49) Wasala,W (1512)-Kmiecik,E (1797) Poland 2018}) 7. Nxd4 {[%emt 0:00:30]} cxd4 {[%emt 0:00:30]} 8. Ne2 {[%emt 0:00:30]} Bc5 {[%emt 0:00:30]} 9. O-O {[%emt 0:00:30]} Bb7 {[%emt 0:00:30]} 10. d3 {[%emt 0:00:30]} Ne7 {[%emt 0:00:30]} 11. Ng3 {[%emt 0:00:30]} O-O {[%emt 0:00:30]} 12. Qg4 {[%emt 0:00:30]} Kh8 {[%emt 0:00:30]} 13. h4 {[%emt 0:00:30]} f5 {[%emt 0:00:30]} 14. Qg5 {[%emt 0:00:30]} Qc7 {[%emt 0:00:30]} 15. Nh5 {[%emt 0:00:30]} Ng6 {[%emt 0:00:30]} 16. Bf4 {[%emt 0:00:30]} Bd6 {[%emt 0:00:30]} 17. Bxd6 {[%emt 0:00:30]} Qxd6 {[%emt 0:00:30]} 18. f3 {[%emt 0:00:30]} Qe7 {[%emt 0:00:30]} (18... Rac8 $17 19. Ng3 Rc5 20. exf5 exf5) 19. Qxe7 {[%emt 0:00:30]} Nxe7 {[%emt 0:00:30]} 20. Ng3 {[%emt 0:00:30]} Rac8 $11 {[%emt 0:00:30]} 21. a4 {[%emt 0:00:30]} b4 {[%emt 0:00:30]} 22. a5 {[%emt 0:00:30]} Ba6 {[%emt 0:00:30]} 23. Rfe1 {[%emt 0:00:30]} g6 {[%emt 0:00:30]} 24. exf5 {[%emt 0:00:30]} Nxf5 {[%emt 0:00:30]} 25. Nxf5 {[%emt 0:00:30]} gxf5 {[%emt 0:00:30]} 26. Re5 {[%emt 0:00:30]} Rg8 {[%emt 0:00:30]} 27. Ra4 {[%emt 0:00:30]} Rb8 {[%emt 0:00:30]} 28. Kh2 {[%emt 0:00:30]} h5 {[%emt 0:00:30]} 29. Rc5 {[%emt 0:00:30]} Rg7 {[%emt 0:00:30]} 30. Re5 {[%emt 0:00:30]} Rgg8 {[%emt 0:00:30]} 31. Ra1 {[%emt 0:00:30]} Bb5 {[%emt 0:00:30]} 32. Rae1 {[%emt 0:00:30]} Rg7 {[%emt 0:00:30]} 33. R1e2 {[%emt 0:00:30]} Kh7 {[%emt 0:00:30]} 34. Rc5 {[%emt 0:00:30]} d6 {[%emt 0:00:30]} 35. Rxb5 {[%emt 0:00:30]} Rxb5 {[%emt 0:00:30]} 36. Rxe6 {[%emt 0:00:30]} Rg6 {[%emt 0:00:30]} 37. Re7+ {[%emt 0:00:30]} Rg7 {[%emt 0:00:30]} 38. Re6 {[%emt 0:00:30]} Re5 {[%emt 0:00:30]} 39. Rxd6 {[%emt 0:00:30]} Re2 40. Rxd4 {[%emt 0:00:30]} f4 {[%emt 0:01:00]} 1/2-1/2

[Event "North American U20 Girls 2019"]
[Site "Charlotte"]
[Date "2019.06.29"]
[Round "7.1"]
[White "Yip, Carissa"]
[Black "Wu, Abbie"]
[Result "1-0"]
[WhiteElo "2276"]
[BlackElo "1448"]
[Annotator "ChessBase"]
[PlyCount "85"]
[EventDate "2019.06.27"]
[EventType "swiss"]
[EventCountry "USA"]
[SourceTitle "playchess.com"]
[Source "ChessBase"]
[SourceQuality "1"]
[TimeControl "5400+30"]

1. Nf3 {[%emt 1:30:30]} Nf6 {[%emt 1:30:30]} 2. g3 {[%emt 0:00:30]} g6 {[%emt 0:00:30]} 3. Bg2 {[%emt 0:00:30]} Bg7 {[%emt 0:00:30]} 4. O-O {[%emt 0:00:30]} O-O {[%emt 0:00:30]} 5. d4 {[%emt 0:00:30]} d5 {[%emt 0:00:30]} 6. a3 {[%emt 0:00:30]} c5 {[%emt 0:00:30]} 7. dxc5 {[%emt 0:00:30]} Nc6 {[%emt 0:00:30]} 8. c3 {[%emt 0:00:30]} Re8 {[%emt 0:00:30]} 9. b4 {[%emt 0:00:30]} a6 {[%emt 0:00:30]} 10. Nd4 {[%emt 0:00:30]} e5 {[%emt 0:00:30]} 11. Nxc6 {[%emt 0:00:30]} bxc6 {[%emt 0:00:30]} 12. Nd2 {[%emt 0:00:30]} a5 {[%emt 0:00:30]} 13. Bb2 {[%emt 0:00:30]} Rb8 {[%emt 0:00:30]} 14. Nb3 {[%emt 0:00:30]} axb4 {[%emt 0:00:30]} 15. cxb4 {[%emt 0:00:30]} Qc7 {[%emt 0:00:30]} 16. e3 {[%emt 0:00:30]} Ba6 {[%emt 0:00:30]} 17. Re1 {[%emt 0:00:30]} g5 {[%emt 0:00:30]} 18. Qc2 {[%emt 0:00:30]} h6 {[%emt 0:00:30]} 19. Rab1 {[%emt 0:00:30]} Qd7 {[%emt 0:00:30]} 20. Red1 {[%emt 0:00:30]} Qe6 {[%emt 0:00:30]} 21. Bc3 {[%emt 0:00:30]} Bc8 {[%emt 0:00:30]} 22. Na5 {[%emt 0:00:30]} Bd7 {[%emt 0:00:30]} 23. a4 {[%emt 0:00:30]} Bf8 {[%emt 0:00:30]} 24. Ba1 {[%emt 0:00:30]} Ra8 {[%emt 0:00:30]} 25. Bc3 {[%emt 0:00:30]} Be7 {[%emt 0:00:30]} 26. Ra1 {[%emt 0:00:30]} Bd8 {[%emt 0:00:30]} 27. Nb3 {[%emt 0:00:30]} Qf5 {[%emt 0:00:30]} 28. Qxf5 {[%emt 0:00:30]} Bxf5 {[%emt 0:00:30]} 29. Rdc1 {[%emt 0:00:30]} Bd3 {[%emt 0:00:30]} 30. Bf1 {[%emt 0:00:30]} Bxf1 {[%emt 0:00:30]} 31. Kxf1 {[%emt 0:00:30]} Ne4 {[%emt 0:00:30]} 32. b5 {[%emt 0:00:30]} Nxc3 {[%emt 0:00:30]} 33. Rxc3 {[%emt 0:00:30]} cxb5 {[%emt 0:00:30]} 34. axb5 {[%emt 0:00:30]} Rxa1+ {[%emt 0:00:30]} 35. Nxa1 {[%emt 0:00:30]} Ba5 {[%emt 0:00:30]} 36. Rd3 {[%emt 0:00:30]} Rb8 {[%emt 0:00:30]} 37. b6 {[%emt 0:00:30]} Rc8 {[%emt 0:00:30]} 38. Nb3 {[%emt 0:00:30]} Bb4 {[%emt 0:00:30]} 39. b7 {[%emt 0:00:30]} Rb8 {[%emt 0:00:30]} 40. c6 {[%emt 0:00:30]} Bd6 {[%emt 0:00:30]} 41. Rxd5 {[%emt 0:00:30]} Bc7 {[%emt 0:00:30]} 42. Nc5 {[%emt 0:00:30]} Kg7 {[%emt 0:00:30]} 43. Na6 {[%emt 0:00:30]} 1-0

[Event "North American U20 Girls 2019"]
[Site "Charlotte"]
[Date "2019.06.29"]
[Round "7.2"]
[White "Chin, Angelica"]
[Black "Zhu, Evelyn"]
[Result "0-1"]
[WhiteElo "1937"]
[BlackElo "2006"]
[Annotator "NA"]
[PlyCount "96"]
[EventDate "2019.06.27"]
[EventType "swiss"]
[EventCountry "USA"]
[SourceTitle "playchess.com"]
[Source "ChessBase"]
[SourceQuality "1"]
[TimeControl "5400+30"]

1. e4 {[%emt 1:30:30]} c5 {[%emt 1:30:30]} 2. Nf3 {[%emt 0:00:30]} e6 {[%emt 0:00:30]} 3. d4 {[%emt 0:00:30]} cxd4 {[%emt 0:00:30]} 4. Nxd4 {[%emt 0:00:30]} a6 {[%emt 0:00:30]} 5. c4 {[%emt 0:00:30]} Nf6 {[%emt 0:00:30]} 6. Nc3 {[%emt 0:00:30]} Qc7 {[%emt 0:00:30]} 7. a3 {[%emt 0:00:30]} b6 {[%emt 0:00:30]} 8. Be2 {[%emt 0:00:30]} Bb7 {[%emt 0:00:30]} 9. f3 {[%emt 0:00:30]} Be7 {[%emt 0:00:30]} 10. O-O {[%emt 0:00:30]} O-O {[%emt 0:00:30]} 11. Be3 {[%emt 0:00:30]} d6 {[%emt 0:00:30]} 12. Qd2 {[%emt 0:00:30]} Nbd7 {[%emt 0:00:30]} 13. Rac1 {[%emt 0:00:30]} Rac8 {[%emt 0:00:30]} 14. Rfd1 {[%emt 0:00:30]} Qb8 {[%emt 0:00:30]} 15. b4 {[%emt 0:00:30]} Rfe8 {[%emt 0:00:30]} 16. Bf1 {[%emt 0:00:30]} Bd8 {[%emt 0:00:30]} 17. Nb3 {[%emt 0:00:30]} Bc7 {[%emt 0:00:30]} 18. Bf4 {[%emt 0:00:30]} Ne5 {[%emt 0:00:30]} 19. Bxe5 {[%emt 0:00:30]} dxe5 {[%emt 0:00:30]} 20. Qe3 {[%emt 0:00:30]} Red8 {[%emt 0:00:30]} 21. Na4 {[%emt 0:00:30]} Bc6 {[%emt 0:00:30]} 22. Nb2 {[%emt 0:00:30]} Qa8 {[%emt 0:00:30]} 23. a4 {[%emt 0:00:30]} Nd7 {[%emt 0:00:30]} 24. Kh1 {[%emt 0:00:30]} f5 {[%emt 0:00:30]} 25. exf5 {[%emt 0:00:30]} exf5 {[%emt 0:00:30]} 26. b5 {[%emt 0:00:30]} Bb7 {[%emt 0:00:30]} 27. Qg5 {[%emt 0:00:30]} Bxf3 {[%emt 0:00:30]} 28. gxf3 {[%emt 0:00:30]} Qxf3+ 29. Bg2 {[%emt 0:00:30]} Qxb3 {[%emt 0:01:00]} 30. Bd5+ {[%emt 0:00:30]} Kh8 31. Rg1 {[%emt 0:00:30]} g6 {[%emt 0:01:00]} 32. Be6 {[%emt 0:00:30]} Qxb2 {[%emt 0:00:30]} 33. Rcd1 {[%emt 0:00:30]} e4 {[%emt 0:00:30]} 34. Rg2 {[%emt 0:00:30]} Qe5 {[%emt 0:00:30]} 35. Bxd7 {[%emt 0:00:30]} Ra8 {[%emt 0:00:30]} 36. Rd5 {[%emt 0:00:30]} Qa1+ {[%emt 0:00:30]} 37. Rg1 {[%emt 0:00:30]} Qb2 {[%emt 0:00:30]} 38. Rd2 {[%emt 0:00:30]} Qe5 {[%emt 0:00:30]} 39. Qh4 {[%emt 0:00:30]} e3 {[%emt 0:00:30]} 40. Rd5 {[%emt 0:00:30]} Qg7 {[%emt 0:00:30]} 41. Bxf5 {[%emt 0:00:30]} Rxd5 {[%emt 0:00:30]} 42. cxd5 {[%emt 0:00:30]} Qe5 {[%emt 0:00:30]} 43. Be4 {[%emt 0:00:30]} Rf8 {[%emt 0:00:30]} 44. Bb1 {[%emt 0:00:30]} Qxd5+ {[%emt 0:00:30]} 45. Qe4 {[%emt 0:00:30]} Qd6 {[%emt 0:00:30]} 46. Qc2 {[%emt 0:00:30]} Qe5 {[%emt 0:00:30]} 47. Rg2 {[%emt 0:00:30]} Rf1+ {[%emt 0:00:30]} 48. Rg1 {[%emt 0:00:30]} Rf2 {[%emt 0:00:30]} 0-1

[Event "North American U20 Girls 2019"]
[Site "Charlotte"]
[Date "2019.06.29"]
[Round "7.3"]
[White "Ehsani, Yassamin"]
[Black "Vittal, Sanjana"]
[Result "1/2-1/2"]
[WhiteElo "1866"]
[BlackElo "1920"]
[Annotator "NA"]
[PlyCount "58"]
[EventDate "2019.06.27"]
[EventType "swiss"]
[EventCountry "USA"]
[SourceTitle "playchess.com"]
[Source "ChessBase"]
[SourceQuality "1"]
[TimeControl "5400+30"]

1. e4 {[%emt 1:30:30]} e5 {[%emt 1:30:30]} 2. Nf3 {[%emt 0:00:30]} Nc6 {[%emt 0:00:30]} 3. g3 {[%emt 0:00:30]} Nf6 {[%emt 0:00:30]} 4. d3 {[%emt 0:00:30]} Be7 {[%emt 0:00:30]} 5. Bg2 {[%emt 0:00:30]} d6 {[%emt 0:00:30]} 6. h3 {[%emt 0:00:30]} O-O {[%emt 0:00:30]} 7. O-O {[%emt 0:00:30]} Ne8 {[%emt 0:00:30]} 8. Nc3 {[%emt 0:00:30]} f5 {[%emt 0:00:30]} 9. exf5 {[%emt 0:00:30]} Bxf5 {[%emt 0:00:30]} 10. Re1 {[%emt 0:00:30]} Bf6 {[%emt 0:00:30]} 11. Qe2 {[%emt 0:00:30]} Qd7 {[%emt 0:00:30]} 12. Kh2 {[%emt 0:00:30]} Bg6 {[%emt 0:00:30]} 13. Ne4 {[%emt 0:00:30]} Bd8 {[%emt 0:00:30]} 14. Bd2 {[%emt 0:00:30]} Nf6 {[%emt 0:00:30]} 15. c4 {[%emt 0:00:30]} a5 {[%emt 0:00:30]} 16. b3 {[%emt 0:00:30]} h6 {[%emt 0:00:30]} 17. a3 {[%emt 0:00:30]} Qf7 {[%emt 0:00:30]} 18. Qe3 {[%emt 0:00:30]} Nxe4 {[%emt 0:00:30]} 19. dxe4 {[%emt 0:00:30]} Be7 {[%emt 0:00:30]} 20. Qd3 {[%emt 0:00:30]} Kh8 {[%emt 0:00:30]} 21. b4 {[%emt 0:00:30]} a4 {[%emt 0:00:30]} 22. Rac1 {[%emt 0:00:30]} Qe6 {[%emt 0:00:30]} 23. Be3 {[%emt 0:00:30]} Bh5 {[%emt 0:00:30]} 24. Ng1 {[%emt 0:00:30]} Bg5 {[%emt 0:00:30]} 25. Rc2 {[%emt 0:00:30]} Bxe3 {[%emt 0:00:30]} 26. fxe3 {[%emt 0:00:30]} Ne7 {[%emt 0:00:30]} 27. Rf1 {[%emt 0:00:30]} Bg6 {[%emt 0:00:30]} 28. Rcf2 {[%emt 0:00:30]} Rxf2 {[%emt 0:00:30]} 29. Rxf2 Ng8 {[%emt 0:00:30]} 1/2-1/2

[Event "North American U20 Girls 2019"]
[Site "Charlotte"]
[Date "2019.06.29"]
[Round "7.4"]
[White "Qiao, Cindy"]
[Black "Zeng, Sheena"]
[Result "1-0"]
[WhiteElo "1777"]
[BlackElo "1964"]
[Annotator "NA"]
[PlyCount "99"]
[EventDate "2019.06.27"]
[EventType "swiss"]
[EventCountry "USA"]
[SourceTitle "playchess.com"]
[Source "ChessBase"]
[SourceQuality "1"]
[TimeControl "5400+30"]

1. e4 {[%emt 1:30:30]} e6 {[%emt 1:30:30]} 2. d3 {[%emt 0:00:30]} d5 {[%emt 0:00:30]} 3. Nd2 {[%emt 0:00:30]} Nf6 {[%emt 0:00:30]} 4. Ngf3 {[%emt 0:00:30]} c5 {[%emt 0:00:30]} 5. g3 {[%emt 0:00:30]} Nc6 {[%emt 0:00:30]} 6. Bg2 {[%emt 0:00:30]} Be7 {[%emt 0:00:30]} 7. O-O {[%emt 0:00:30]} O-O {[%emt 0:00:30]} 8. Re1 {[%emt 0:00:30]} b5 {[%emt 0:00:30]} 9. e5 {[%emt 0:00:30]} Nd7 {[%emt 0:00:30]} 10. Nf1 {[%emt 0:00:30]} a5 {[%emt 0:00:30]} 11. h4 {[%emt 0:00:30]} b4 {[%emt 0:00:30]} 12. Bf4 {[%emt 0:00:30]} a4 {[%emt 0:00:30]} 13. a3 {[%emt 0:00:30]} bxa3 {[%emt 0:00:30]} 14. bxa3 {[%emt 0:00:30]} Rb8 {[%emt 0:00:30]} 15. Ne3 {[%emt 0:00:30]} Ba6 {[%emt 0:00:30]} 16. c4 {[%emt 0:00:30]} dxc4 {[%emt 0:00:30]} 17. Nxc4 {[%emt 0:00:30]} Bxc4 {[%emt 0:00:30]} 18. dxc4 {[%emt 0:00:30]} Nb6 {[%emt 0:00:30]} 19. Qe2 {[%emt 0:00:30]} Na5 {[%emt 0:00:30]} 20. Nd2 {[%emt 0:00:30]} Qc7 {[%emt 0:00:30]} 21. h5 {[%emt 0:00:30]} Nb3 {[%emt 0:00:30]} 22. Rab1 {[%emt 0:00:30]} Nxd2 {[%emt 0:00:30]} 23. Bxd2 {[%emt 0:00:30]} Rfd8 {[%emt 0:00:30]} 24. Ba5 {[%emt 0:00:30]} Qa7 {[%emt 0:00:30]} 25. Rb5 {[%emt 0:00:30]} Rf8 {[%emt 0:00:30]} 26. Be4 {[%emt 0:00:30]} Nd7 {[%emt 0:00:30]} 27. Bc3 {[%emt 0:00:30]} Rxb5 {[%emt 0:00:30]} 28. cxb5 {[%emt 0:00:30]} h6 {[%emt 0:00:30]} 29. Bc2 {[%emt 0:00:30]} Rc8 {[%emt 0:00:30]} 30. Qe4 {[%emt 0:00:30]} Nf8 {[%emt 0:00:30]} 31. Rb1 {[%emt 0:00:30]} c4 {[%emt 0:00:30]} 32. Bb4 {[%emt 0:00:30]} Bc5 {[%emt 0:00:30]} 33. Bxc5 {[%emt 0:00:30]} Qxc5 {[%emt 0:00:30]} 34. b6 {[%emt 0:00:30]} c3 {[%emt 0:00:30]} 35. b7 {[%emt 0:00:30]} Rb8 {[%emt 0:00:30]} 36. Bxa4 {[%emt 0:00:30]} Qxa3 {[%emt 0:00:30]} 37. Qc4 {[%emt 0:00:30]} g6 {[%emt 0:00:30]} 38. Bc2 {[%emt 0:00:30]} Rxb7 {[%emt 0:00:30]} 39. Rxb7 {[%emt 0:00:30]} Qc1+ {[%emt 0:00:30]} 40. Kg2 {[%emt 0:00:30]} Qxc2 {[%emt 0:00:30]} 41. Rb8 {[%emt 0:00:30]} Kg7 {[%emt 0:00:30]} 42. Qc8 {[%emt 0:00:30]} Qe4+ {[%emt 0:00:30]} 43. Kh2 {[%emt 0:00:30]} gxh5 {[%emt 0:00:30]} 44. Qxf8+ {[%emt 0:00:30]} Kg6 {[%emt 0:00:30]} 45. Qg8+ {[%emt 0:00:30]} Kf5 {[%emt 0:00:30]} 46. Qxf7+ {[%emt 0:00:30]} Kxe5 {[%emt 0:00:30]} 47. Qxh5+ {[%emt 0:00:30]} Kd6 {[%emt 0:00:30]} 48. Rc8 {[%emt 0:00:30]} Qb4 {[%emt 0:00:30]} 49. Qf3 {[%emt 0:00:30]} Qb5 {[%emt 0:00:30]} 50. Rxc3 {[%emt 0:00:30] Kd5} 1-0